AH International Schools' Libraries

A play on William Shakespeare's Much ado about nothing / (Record no. 47767)

MARC details
000 -LEADER
fixed length control field 00365nam a2200109 4500
020 ## - INTERNATIONAL STANDARD BOOK NUMBER
International Standard Book Number 9781486708581
245 ## - TITLE STATEMENT
Title A play on William Shakespeare's Much ado about nothing /
Statement of responsibility, etc Luke Daniel Paiva.
260 ## - PUBLICATION, DISTRIBUTION, ETC. (IMPRINT)
Place of publication, distribution, etc Franklin, TN:
Name of publisher, distributor, etc Flowerpot Press;
Date of publication, distribution, etc 2016.
300 ## - PHYSICAL DESCRIPTION
Extent unpaged.
Other physical details col. ill.
Dimensions 28 cm.
700 ## - ADDED ENTRY--PERSONAL NAME
Relator code Illustrator.
Personal name Roberto Irace.
9 (RLIN) 85601
942 ## - ADDED ENTRY ELEMENTS (KOHA)
Source of classification or shelving scheme
Koha item type NON FIC SECTION
Holdings
Withdrawn status Lost status Source of classification or shelving scheme Damaged status Not for loan Collection code Home library Current library Date acquired Full call number Barcode Date last seen Price effective from Koha item type
          Non-Fiction Asian Hope Secondary Library Asian Hope Secondary Library 11/04/2024 822.33 PAI 206211 01/16/2026 11/04/2024 NON FIC SECTION

For any Logos Library related questions please contact Miss Art at swongnarasuk@asianhope.org.

For any Asian Hope Library related questions please contact Miss Raza at graza@asianhope.org.

Powered by Koha